000 00474nam a22001817a 4500
003 OSt
005 20251121131656.0
008 251121b |||||||| |||| 00| 0 eng d
020 _a0-451-17496-8.
040 _aDWCL-Main lib
_cOC
082 _aFic. S918u 1992
100 _aStreiber, Whitley
245 _aUnholy Fire
_cStreiber, Whitley
260 _aN. Y. :
_bPenguin Group,
_cc1992.
300 _a414 p ;
_c17 cm.
650 _21. Fiction.
942 _2ddc
_cFIC.
_kFic.
_n0
999 _c5993
_d5993